BIBLIOTHÈQUE DE LA MAISON DU MEXIQUE

Logo 1 Logo 2

Vida (notice nᵒ 11719)

détails MARC
000 -Sello discográfico
campo de control de longitud fija 00905nam a2200337 4500
005 - Identificación de versión
campo de control 20250925141609.0
035 ## - Otros números de control del sistema
Número de control del sistema 3916
099 ## - fechas locales
Tipo de ítem Koha LIBRO
100 ## - Datos de procesamiento general
Datos de procesamiento general 20040924d1941 m y1spay5003 ba
105 ## - Campo de datos codificados: Material textual, monográfico
Datos codificados de monografía y 001zb
200 1# - Título y mención de responsabilidad
Título propio Vida
Designación general del material texto impreso
Primer mención de responsabilidad Torres Villarroel
210 ## - Publicación, distribución, etc.
Lugar de publicación, distribución, etc. Madrid
Nombre del editor, distribuidor, etc. Espasa - Calpe
Fecha de publicación, distribución, etc. 1941
215 ## - Descripción física
Designación de material específico y extensión del ítem 246 p
Dimensiones 19 cm
318 ## - Nota de acción
Acción No se presta a domicilio
345 ## - Nota de información de adquisición
Fuente de adquisición/dirección de la suscripción [OBSOLETO] Donación
410 #1 - Series
Título Clásicos Castellanos
Número de volumen 7
600 ## - Nombre personal usado como materia
Elemento de entrada Torres y Villarroel
Parte del nombre distinta del elemento de entrada Diego de
Fechas 1693-1770
Número Koha 18386
676 ## - Clasificación Decimal Dewey
Número R860 C614 v.7
700 ## - Nombre personal - Responsabilidad primaria
Elemento de entrada Torres y Villarroel
Parte del nombre distinta del elemento de entrada Diego de
Fechas 1693-1770
Número Koha 18386
801 #0 - Fuente de origen
Agencia cm
856 4# - Localización electrónica y acceso
Identificador Uniforme de Recurso http://www.cervantesvirtual.com/FichaObra.html?Ref=21753
900 ## -
-- 1/8047
900 ## -
-- 7100419813\240904
942 ## - ELEMENTOS DE ENTRADA SECUNDARIOS (KOHA)
Tipo de ítem Koha Livre

Pas d'exemplaire disponible.